| 000 | 00693nam a22002537a 4500 | ||
|---|---|---|---|
| 003 | OSt | ||
| 005 | 20220107122756.0 | ||
| 008 | 150105b xxu||||| |||| 00| 0 eng d | ||
| 020 | _a9789332536104 | ||
| 040 | _cIIITM-K | ||
| 082 |
_222 _a005.133C JON/C |
||
| 100 |
_aJones, Bradley L. _95904 |
||
| 245 |
_aC programming in one hour a day: _bSams teach yourself |
||
| 250 | _a7th ed. | ||
| 260 |
_aNew Delhi _bDorling Kindersley _c2014 |
||
| 300 | _axix, 672p. | ||
| 650 |
_aCOMPUTER SCIENCE _95905 |
||
| 650 |
_aPROGRAMMING LANGUAGE _95906 |
||
| 650 |
_aC PROGRAMMING _95907 |
||
| 650 |
_aC _95987 |
||
| 700 |
_a Aitken, Peter _95908 |
||
| 700 |
_aMiller, Dean. _95970 |
||
| 942 |
_2ddc _cBK |
||
| 999 |
_c4490 _d4490 |
||